000 007070000a22001930004500
001 768714001
003 CO-MdFUSB
005 20170418111632.0
008 170418s2008 it ||||| |||| 00| 0 ger d
022 _a1126-8557
040 _aCO-MdFUSB
_bspa
_cCO-MdFUSB
_dCO-MdFUSB
100 1 _aKranz, Dirk Kurt.
_eautor
245 1 0 _aAntworten auf die frage nach der inspiration der septuaginta in ausgewählten handbüchern der Einführung in die bibelwissenschaft. des 20. Jhs
300 _aVolumen 11, número 2, (2008), páginas 293-325
_c24 cm.
546 _aTexto en alemán
650 1 4 _aSEPTUAGINTA
773 0 _tAlpha omega
_049514
_961520
_gVolumen 11, número 2, (2008)
_qpáginas 293-325
942 _cANA
999 _c63170
_d63170